Nový švédsky model?
Švédsko bolo po dlhé roky najznámejším modelom "štátu sociálneho blahobytu" i dokladom toho, že je možné nájsť tretiu cestu medzi socializmom a kapitalizmom. Nová konzervatívna vláda usiluje o "návrat do rodiny voľnotrhových ekonomík". Zrušila niektoré formy zdanenia, znížila štátnu kontrolu ekonomi...
Salvato in:
| Natura: | Capitolo di libro |
|---|---|
| Lingua: | ceco |
| Soggetti: | |
| Tags: |
Nessun Tag, puoi essere il primo ad aggiungerne!!
|
MARC
| LEADER | 00000naa a2200000 4500 | ||
|---|---|---|---|
| 001 | r011540 | ||
| 005 | 20220831083856.4 | ||
| 041 | 0 | |a cze | |
| 044 | |a CS | ||
| 245 | 1 | 0 | |a Nový švédsky model? |
| 520 | |a Švédsko bolo po dlhé roky najznámejším modelom "štátu sociálneho blahobytu" i dokladom toho, že je možné nájsť tretiu cestu medzi socializmom a kapitalizmom. Nová konzervatívna vláda usiluje o "návrat do rodiny voľnotrhových ekonomík". Zrušila niektoré formy zdanenia, znížila štátnu kontrolu ekonomiky a vládne výdavky a začala plniť program privatizácie. K najvýznamnejšiemu zlomu dochádza v školstve. | ||
| 610 | 2 | 0 | |a Švédsko |
| 610 | 2 | 0 | |a hospodárstvo trhové |
| 610 | 2 | 0 | |a privatizácia |
| 610 | 2 | 0 | |a dane |
| 610 | 2 | 0 | |a školstvo |